Statistics for Countries With No Letter A,B Or C In Their Name

Click here to take the quiz!

General Stats

  • This quiz has been taken 59 times
    (52 since last reset)
  • The average score is 8 of 14

Answer Stats

Answer% Correct
Egypt
85%
Fiji
80%
Sweden
78%
Togo
76%
Yemen
73%
Peru
68%
Turkey
68%
Kosovo
56%
Lesotho
56%
Niger
56%
Montenegro
39%
UK
37%
Philippines
34%
Timor-Leste
12%

Score Distribution

Percentile by Number Answered

Percent of People with Each Score

Your Score History

You have not taken this quiz since the last reset